Financial statements : a step-by-step guide to understanding and creating financial reports / (Record no. 637)

000 -LEADER
fixed length control field 00789cam a2200229 a 4500
001 - CONTROL NUMBER
control field 15757748
003 - CONTROL NUMBER IDENTIFIER
control field OSt
005 - DATE AND TIME OF LATEST TRANSACTION
control field 20140116120834.0
008 - FIXED-LENGTH DATA ELEMENTS--GENERAL INFORMATION
fixed length control field 090601s2009 njua 001 0 eng
020 ## - INTERNATIONAL STANDARD BOOK NUMBER
International Standard Book Number 9781601630230
040 ## - CATALOGING SOURCE
Transcribing agency DLC
050 00 - LIBRARY OF CONGRESS CALL NUMBER
Classification number HF5681.B2I88 2009
100 1# - MAIN ENTRY--PERSONAL NAME
Personal name Ittelson, Thomas R.,
Dates associated with a name 1946-
245 10 - TITLE STATEMENT
Title Financial statements : a step-by-step guide to understanding and creating financial reports /
Statement of responsibility, etc Thomas R. Ittelson.
260 ## - PUBLICATION, DISTRIBUTION, ETC. (IMPRINT)
Place of publication, distribution, etc Franklin Lakes, NJ :
Name of publisher, distributor, etc Career Press,
Date of publication, distribution, etc 2009.
300 ## - PHYSICAL DESCRIPTION
Extent 285 p. :
Other physical details ill.
500 ## - GENERAL NOTE
General note Includes index.
650 #0 - SUBJECT ADDED ENTRY--TOPICAL TERM
Topical term or geographic name as entry element Financial statements.
906 ## - LOCAL DATA ELEMENT F, LDF (RLIN)
a 7
b cbc
c orignew
d 1
e ecip
f 20
g y-gencatlg
942 ## - ADDED ENTRY ELEMENTS (KOHA)
Source of classification or shelving scheme
Koha item type Book
Holdings
Withdrawn status Lost status Source of classification or shelving scheme Damaged status Not for loan Home library Current library Date acquired Source of acquisition Total Checkouts Full call number Barcode Date last seen Date checked out Copy number Price effective from Koha item type Total Renewals
          Riara University Library Riara University Library 25/10/2011 Purchase 3 HF5681.B2I88 2009 2309/11 28/09/2015 17/09/2015 C.1 25/10/2011 Book  
          Riara University Library Riara University Library 25/10/2011 Purchase 3 HF5681.B2I88 2009 2307/11 19/03/2024 07/03/2024 C.2 25/10/2011 Book 2
          Riara University Library Riara University Library 25/10/2011 Purchase   HF5681.B2I88 2009 2308/11 25/10/2011   C.3 25/10/2011 Book  

Riara University Library,
P.O. Box 49940-00100,
Nairobi, Kenya.